Biblioteca Práctica de Consulta del Nuevo Milenio Física (Registro nro. 2043)

Detalles MARC
000 -LEADER
fixed length control field 01118nam a22002057a 4500
003 - CONTROL NUMBER IDENTIFIER
control field OSt
005 - DATE AND TIME OF LATEST TRANSACTION
control field 20260406094625.0
008 - FIXED-LENGTH DATA ELEMENTS--GENERAL INFORMATION
fixed length control field 260406b |||||||| |||| 00| 0 esp d
082 ## - DEWEY DECIMAL CLASSIFICATION NUMBER
Edition number 9586771229
100 ## - MAIN ENTRY--PERSONAL NAME
Personal name Zamora Editores.
245 ## - TITLE STATEMENT
Title Biblioteca Práctica de Consulta del Nuevo Milenio Física
250 ## - EDITION STATEMENT
Edition statement volumen 8
260 ## - PUBLICATION, DISTRIBUTION, ETC.
Place of publication, distribution, etc. Bogotá, Colombia
Name of publisher, distributor, etc. Zamora Editores.
Date of publication, distribution, etc. 2000-2001
300 ## - PHYSICAL DESCRIPTION
Extent 252 páginas.
Dimensions 21 x 14 cm.
490 ## - SERIES STATEMENT
Materials specified Tapa rústica de cartulina con acabado plastificado brillante
520 ## - SUMMARY, ETC.
Summary, etc. Mecánica: Cinemática (movimiento), dinámica (fuerzas), leyes de Newton, trabajo, potencia y energía.<br/>Termodinámica: Calor, temperatura y las leyes de los gases.<br/>Electricidad y Magnetismo: Cargas eléctricas, circuitos, corrientes y magnetismo.<br/>Óptica y Acústica: El comportamiento de la luz (reflexión, refracción) y las propiedades del sonido.<br/>Física Moderna: Breve introducción a la estructura atómica y energía nuclear.
650 ## - SUBJECT ADDED ENTRY--TOPICAL TERM
Topical term or geographic name entry element Física.
Form subdivision Problemas, ejercicios, etc. / Estudio y enseñanza.
Chronological subdivision Siglo XXI.
Geographic subdivision Siglo XXI.
700 ## - ADDED ENTRY--PERSONAL NAME
Personal name Zamora Editores
942 ## - ADDED ENTRY ELEMENTS (KOHA)
Source of classification or shelving scheme Dewey Decimal Classification
Koha item type Acceso Libre
Suppress in OPAC No
Existencias
Withdrawn status Lost status Source of classification or shelving scheme Damaged status Not for loan Collection Home library Current library Shelving location Date acquired Source of acquisition Coded location qualifier Inventory number Total checkouts Full call number Barcode Date last seen Copy number Price effective from Koha item type
    Dewey Decimal Classification     Estantería F Fila 2 Biblioteca Stanford Biblioteca Stanford Biblioteca Abierta 06.04.2026 LECTURA 0467 0467   0467 BIBLIO0467 06.04.2026 1 06.04.2026 Acceso Libre
Bienvenido a nuestra Biblioteca